[Event "Sparkassen-Open A"]
[Site "Heusenstamm, Martinsee"]
[Date "2017.11.23"]
[Round "1.31"]
[White "Alber, Horst"]
[Black "Köllner, Aaron Noah"]
[Result "1/2-1/2"]
[WhiteElo "2293"]
[BlackElo "1935"]
[PlyCount "83"]
[EventDate "2017.??.??"]
[WhiteTeam "SK Marburg"]
[BlackTeam "SV Bergneustadt/Derschlag"]

1. d4 d5 2. c4 c6 3. cxd5 cxd5 4. Nc3 Nf6 5. Bf4 Nc6 6. e3 Bf5 7. Bb5 Bd7 8.
Nf3 e6 9. Rc1 Bb4 10. O-O O-O 11. Bd3 Rc8 12. Qb3 Qe7 13. a3 Bxc3 14. Qxc3 h6
15. Qb3 Na5 16. Qa2 Nh5 17. Be5 Nc6 18. b4 a6 19. h3 Nxe5 20. dxe5 g6 21. Qb2
Bb5 22. Bxb5 axb5 23. Nd4 Qd7 24. Rc5 Ng7 25. g4 Rxc5 26. bxc5 Qe7 27. Rc1 h5
28. f4 hxg4 29. hxg4 Qh4 30. Qg2 Ne8 31. g5 Nc7 32. Nf3 Qh7 33. Kf2 Ra8 34. c6
b6 35. Rh1 Qg7 36. Nd4 Rxa3 37. Kf3 Ra5 38. Qb2 Qf8 39. Qh2 Qg7 40. Qb2 Qf8 41.
Qh2 Qg7 42. Qb2 1/2-1/2

[Event "Sparkassen-Open A"]
[Site "Heusenstamm, Martinsee"]
[Date "2017.11.23"]
[Round "1.32"]
[White "Herlan, Klaus-Jürgen"]
[Black "Khanukov, Boris"]
[Result "0-1"]
[WhiteElo "1931"]
[BlackElo "2289"]
[PlyCount "84"]
[EventDate "2017.??.??"]
[WhiteTeam "SK Marmstorf"]
[BlackTeam "Bahn-SC Wuppertal"]

1. d4 Nf6 2. Nc3 d5 3. Bg5 Nbd7 4. Qd3 h6 5. Bh4 e6 6. e4 dxe4 7. Nxe4 Be7 8.
Nxf6+ Bxf6 9. Bxf6 Qxf6 10. Nf3 O-O 11. O-O-O Qf4+ 12. Qd2 Qxd2+ 13. Rxd2 Nf6
14. Bd3 b6 15. Ne5 Bb7 16. Rg1 Rfd8 17. c3 Rac8 18. Kb1 Kf8 19. f4 c5 20. Bc2
cxd4 21. cxd4 Nd5 22. g3 Ne3 23. Bb3 Be4+ 24. Ka1 Bd5 25. Bxd5 Rxd5 26. Kb1 g5
27. fxg5 hxg5 28. Rf2 Rc7 29. Rc1 Rxc1+ 30. Kxc1 Nf5 31. Rc2 Nxd4 32. Rc8+ Kg7
33. Ng4 f5 34. Ne3 Rc5+ 35. Rxc5 bxc5 36. a3 Kf6 37. b4 cxb4 38. axb4 Nc6 39.
Nc2 Ke5 40. Kd2 g4 41. Kd3 Kd6 42. Kc4 a6 0-1

[Event "Sparkassen-Open A"]
[Site "Heusenstamm, Martinsee"]
[Date "2017.11.23"]
[Round "1.33"]
[White "Kantane, Anna"]
[Black "Bethke, Robert"]
[Result "1-0"]
[WhiteElo "2263"]
[BlackElo "1929"]
[PlyCount "53"]
[EventDate "2017.??.??"]
[WhiteTeam "vereinslos"]
[BlackTeam "SF Neuberg"]

1. e4 e5 2. Nf3 Nf6 3. Nxe5 d6 4. Nf3 Nxe4 5. d4 d5 6. Bd3 Be7 7. O-O O-O 8.
Nc3 f5 9. Ne2 c6 10. c4 Nd7 11. cxd5 cxd5 12. Qb3 Nb6 13. Ne5 Bg5 14. a4 Bxc1
15. Rfxc1 Be6 16. a5 Nd2 17. Qc3 Nbc4 18. Nf4 Qf6 19. b3 Ne4 20. Bxe4 fxe4 21.
Nxe6 Qxf2+ 22. Kh1 Ne3 23. Rg1 Rf6 24. Rae1 Rxe6 25. Qxe3 Rf8 26. Qxf2 Rxf2 27.
Rc1 1-0

[Event "Sparkassen-Open A"]
[Site "Heusenstamm, Martinsee"]
[Date "2017.11.23"]
[Round "1.34"]
[White "Foerster-Yialamas, Lucas"]
[Black "Schmitzer, Klaus"]
[Result "0-1"]
[WhiteElo "1825"]
[BlackElo "2242"]
[PlyCount "60"]
[EventDate "2017.??.??"]
[WhiteTeam "SK Frankenthal"]
[BlackTeam "Bad Vilbeler Sfr"]

1. e4 c6 2. d4 d5 3. exd5 cxd5 4. c4 Nf6 5. Nc3 g6 6. Bg5 Ne4 7. Nxe4 dxe4 8.
Qd2 Bg7 9. O-O-O Nc6 10. d5 Ne5 11. Bh6 Bxh6 12. Qxh6 Qc7 13. Qg7 Rf8 14. Rd4
Bf5 15. h3 O-O-O 16. g4 Rg8 17. Qh6 Bd7 18. Rxe4 f5 19. Rd4 fxg4 20. hxg4 Qa5
21. f3 Qxa2 22. Be2 Ba4 23. Qxh7 Qa1+ 24. Kd2 Qxb2+ 25. Ke3 Qc3+ 26. Ke4 Nc6
27. f4 Qxd4+ 28. Kf3 Rh8 29. dxc6 Bxc6+ 30. Kg3 Rxh7 0-1

[Event "Sparkassen-Open A"]
[Site "Heusenstamm, Martinsee"]
[Date "2017.11.23"]
[Round "1.35"]
[White "Osmanodja, Filiz"]
[Black "Kulenovic, Adnan"]
[Result "1-0"]
[WhiteElo "2242"]
[BlackElo "1927"]
[PlyCount "59"]
[EventDate "2017.??.??"]
[WhiteTeam "USV TU Dresden"]
[BlackTeam "SV Kinzigtal"]

1. e4 e5 2. Nf3 f5 3. Nxe5 Qe7 4. Qh5+ g6 5. Nxg6 Qxe4+ 6. Be2 Nf6 7. Qh3 hxg6
8. Qxh8 Qxg2 9. Rf1 Kf7 10. Qh4 b5 11. Qg3 Qc6 12. Rg1 Ne4 13. Qb3+ d5 14. Nc3
Nf6 15. Nxb5 Bc5 16. Qg3 Ne8 17. d4 Bb6 18. h4 a6 19. Na3 Bxd4 20. h5 gxh5 21.
Qg8+ Ke7 22. Bg5+ Bf6 23. O-O-O Qe6 24. Bxf6+ Nxf6 25. Rg7+ Kd6 26. Qd8+ Nbd7
27. Nc4+ Kc6 28. Re7 Qg8 29. Rxd7 Qg5+ 30. Kb1 1-0

[Event "Sparkassen-Open A"]
[Site "Heusenstamm, Martinsee"]
[Date "2017.11.23"]
[Round "1.36"]
[White "Mehringer, Jörg"]
[Black "Lisanti, Andre"]
[Result "0-1"]
[WhiteElo "1927"]
[BlackElo "2249"]
[PlyCount "54"]
[EventDate "2017.??.??"]
[WhiteTeam "Schachpinguine Berlin"]
[BlackTeam "TSV Schott Mainz"]

1. e4 c6 2. d4 d5 3. e5 Bf5 4. h4 Na6 5. g4 Bd7 6. c3 Qb6 7. Na3 e6 8. Nc2 c5
9. Rb1 cxd4 10. Nxd4 f6 11. f4 fxe5 12. fxe5 Nc5 13. Be3 Ne7 14. Ngf3 Ne4 15.
Bd3 Nc6 16. Qc2 Bc5 17. Bxe4 dxe4 18. Qxe4 Bxd4 19. Bxd4 Qa6 20. a3 Ne7 21. Rf1
Bc6 22. Qe3 O-O 23. Kd2 Nd5 24. Qg1 Nf4 25. Qe3 Ng2 26. Qe2 Qxe2+ 27. Kxe2 Bb5+
0-1

[Event "Sparkassen-Open A"]
[Site "Heusenstamm, Martinsee"]
[Date "2017.11.23"]
[Round "1.37"]
[White "Haag, Martin"]
[Black "Iliev, Mustafa Batuhan"]
[Result "1-0"]
[WhiteElo "2243"]
[BlackElo "1808"]
[PlyCount "113"]
[EventDate "2017.??.??"]
[WhiteTeam "SC Bonn Beuel"]
[BlackTeam "SV Großauheim"]

1. c4 f5 2. g3 g6 3. Bg2 Bg7 4. Nc3 Nf6 5. d3 Nc6 6. e4 d6 7. Nge2 O-O 8. O-O
e5 9. Nd5 Ne7 10. Nxf6+ Bxf6 11. Bh6 Re8 12. Qd2 Be6 13. Rac1 c6 14. Bg5 Bg7
15. exf5 Bxf5 16. Nc3 Qd7 17. Rfe1 Be6 18. Bh6 Nf5 19. Bxg7 Qxg7 20. Ne2 Rad8
21. Qc3 Re7 22. Qa3 Qf8 23. Qxa7 Ra8 24. Qb6 Rxa2 25. Ra1 Qa8 26. Rxa2 Qxa2 27.
Nc3 Qa8 28. Ne4 Kg7 29. g4 Nd4 30. h3 Qb8 31. f4 d5 32. Ng5 h6 33. Rxe5 Ne2+
34. Rxe2 hxg5 35. Qd4+ Kh7 36. Qf6 Rf7 37. Qxe6 Qxf4 38. cxd5 cxd5 39. Qe3 Qf6
40. Rf2 Qe7 41. Qxe7 Rxe7 42. Bxd5 Re3 43. Bxb7 Rxd3 44. Re2 Kg7 45. Bg2 Rb3
46. Kf2 Kf6 47. Ke1 Rd3 48. Bf1 Rb3 49. Kd1 Rg3 50. Kc2 Rg1 51. Bg2 Ra1 52. Bd5
Rg1 53. b4 Rg3 54. b5 Rxh3 55. b6 Rh8 56. b7 Rb8 57. Kc3 1-0

[Event "Sparkassen-Open A"]
[Site "Heusenstamm, Martinsee"]
[Date "2017.11.23"]
[Round "1.38"]
[White "Kornitzky, Tino"]
[Black "Kersten, Uwe"]
[Result "0-1"]
[WhiteElo "1922"]
[BlackElo "2234"]
[PlyCount "146"]
[EventDate "2017.??.??"]
[WhiteTeam "SC Erlangen"]
[BlackTeam "Kasseler SK"]

1. d4 Nf6 2. c4 c5 3. d5 b5 4. cxb5 a6 5. bxa6 g6 6. Nc3 Bxa6 7. e4 Bxf1 8.
Kxf1 d6 9. Nf3 Bg7 10. g3 O-O 11. Kg2 Qb6 12. a4 Na6 13. Qe2 Rfb8 14. Nd2 Nc7
15. Nc4 Qa6 16. Bd2 Nd7 17. Ra3 Ne5 18. b3 Qb7 19. Rb1 f5 20. f3 fxe4 21. fxe4
Rf8 22. Nxe5 Bxe5 23. b4 cxb4 24. Rab3 Na6 25. Nb5 Rf7 26. Bxb4 Nxb4 27. Rxb4
Raf8 28. Qe3 Qc8 29. Rc1 Rf2+ 30. Kg1 Qh3 31. Qxf2 Rxf2 32. Kxf2 Qxh2+ 33. Ke1
Qxg3+ 34. Ke2 Qg2+ 35. Kd3 Qf3+ 36. Kc2 Bf4 37. Rcb1 Qe2+ 38. Kb3 Qd3+ 39. Ka2
Bd2 40. Rd4 Qe3 41. Rb3 Qe1 42. Rb2 Ba5 43. Rc4 Kf7 44. Rbc2 Bb6 45. Rc1 Qf2+
46. R1c2 Qe1 47. Rc1 Qd2+ 48. R1c2 Qa5 49. Kb3 h5 50. Nc7 Bxc7 51. Rxc7 Qb6+
52. Ka2 h4 53. R7c3 g5 54. Rg2 Qb4 55. Rf3+ Kg6 56. Rf5 Qxa4+ 57. Kb2 Qb4+ 58.
Ka2 Qc4+ 59. Kb2 Qd4+ 60. Ka2 Qd3 61. Rf8 h3 62. Rg8+ Kf6 63. Rf8+ Ke5 64. Rb2
g4 65. Rf5+ Kxe4 66. Rh5 Kf4 67. Rb4+ Kg3 68. Rb3 Qxb3+ 69. Kxb3 Kg2 70. Kc2 h2
71. Kd2 h1=Q 72. Rxh1 Kxh1 73. Ke3 g3 0-1

[Event "Sparkassen-Open A"]
[Site "Heusenstamm, Martinsee"]
[Date "2017.11.23"]
[Round "1.39"]
[White "Prill, Daniel"]
[Black "Wüstehube, Harry"]
[Result "1-0"]
[WhiteElo "2234"]
[BlackElo "1923"]
[PlyCount "57"]
[EventDate "2017.??.??"]
[WhiteTeam "SC Heitersheim"]
[BlackTeam "Kasseler SK"]

1. d4 Nf6 2. Nf3 g6 3. c4 Bg7 4. Nc3 d6 5. e4 O-O 6. Bd3 Bg4 7. Be3 Nc6 8. Be2
e5 9. d5 Ne7 10. Qd2 c6 11. dxc6 bxc6 12. Rd1 Nc8 13. c5 d5 14. exd5 e4 15.
dxc6 Qxd2+ 16. Nxd2 Bxe2 17. Kxe2 Ne7 18. Bd4 Nxc6 19. Bxf6 Bxf6 20. Ndxe4 Rfe8
21. Kd2 Bg7 22. Rhe1 Rab8 23. Kc1 Re5 24. Rd6 Rc8 25. f4 Ree8 26. Red1 f5 27.
Nf6+ Bxf6 28. Rxf6 Rc7 29. Nb5 1-0

[Event "Sparkassen-Open A"]
[Site "Heusenstamm, Martinsee"]
[Date "2017.11.23"]
[Round "1.40"]
[White "Khamenya, Vitalia"]
[Black "Henrich, Thomas"]
[Result "0-1"]
[WhiteElo "1913"]
[BlackElo "2216"]
[PlyCount "32"]
[EventDate "2017.??.??"]
[WhiteTeam "SK Gräfelfing"]
[BlackTeam "SK Marburg"]

1. e4 c5 2. d4 cxd4 3. c3 dxc3 4. Nxc3 e6 5. Nf3 a6 6. Bc4 Qc7 7. Qe2 Nc6 8.
O-O Nge7 9. a3 Ng6 10. Be3 Be7 11. Rac1 O-O 12. Rfd1 Qa5 13. Bb3 Qh5 14. Na4
Rb8 15. Nb6 Qg4 16. Bc5 Nh4 0-1

[Event "Sparkassen-Open A"]
[Site "Heusenstamm, Martinsee"]
[Date "2017.11.23"]
[Round "1.41"]
[White "Färber, David"]
[Black "Hochmuth, Christian"]
[Result "1-0"]
[WhiteElo "2211"]
[BlackElo "1911"]
[PlyCount "71"]
[EventDate "2017.??.??"]
[WhiteTeam "SV Walldorf"]
[BlackTeam "SG Wächtersbach"]

1. e4 c6 2. d4 d5 3. Nd2 dxe4 4. Nxe4 Nd7 5. Nf3 Ngf6 6. Nxf6+ Nxf6 7. c3 Bg4
8. h3 Bxf3 9. Qxf3 e6 10. Bd3 Qd5 11. Be2 Qxf3 12. Bxf3 a5 13. O-O Be7 14. Bd2
O-O 15. Rad1 Rfd8 16. Rfe1 Rd7 17. Kf1 Rad8 18. Bc1 Bd6 19. Ke2 e5 20. Kf1 exd4
21. Rxd4 Bc7 22. Be3 Kf8 23. Rxd7 Rxd7 24. g3 h6 25. h4 Bd6 26. Bd4 c5 27. Be3
b6 28. a4 Ra7 29. Bc6 Re7 30. Rd1 Bc7 31. Bb5 Ne8 32. Bf4 Bxf4 33. gxf4 g6 34.
Rd8 Re6 35. Rb8 Re4 36. f3 1-0

[Event "Sparkassen-Open A"]
[Site "Heusenstamm, Martinsee"]
[Date "2017.11.23"]
[Round "1.42"]
[White "Lotz, Ralf"]
[Black "Dunsbach, Ralf"]
[Result "1/2-1/2"]
[WhiteElo "1910"]
[BlackElo "2209"]
[PlyCount "66"]
[EventDate "2017.??.??"]
[WhiteTeam "SC Obertshausen"]
[BlackTeam "SK Bad Homburg"]

1. d4 Nf6 2. c4 g6 3. g3 Bg7 4. Bg2 d5 5. Nf3 O-O 6. cxd5 Nxd5 7. O-O Nc6 8. e3
Nb6 9. Nc3 e5 10. dxe5 Nxe5 11. Nxe5 Bxe5 12. Qxd8 Rxd8 13. e4 Be6 14. Bf4 Bxf4
15. gxf4 c6 16. b3 Rd3 17. Rac1 Rad8 18. Rfd1 Kg7 19. Rxd3 Rxd3 20. Rc2 Bg4 21.
Kf1 Kf8 22. Ke1 Ke7 23. Ne2 Nd7 24. Rd2 Rxd2 25. Kxd2 a5 26. h3 Bxe2 27. Kxe2
f6 28. Ke3 Kd6 29. Kd4 b5 30. h4 c5+ 31. Ke3 Nb6 32. Bf1 Kc6 33. Bg2 Kd6
1/2-1/2

[Event "Sparkassen-Open A"]
[Site "Heusenstamm, Martinsee"]
[Date "2017.11.23"]
[Round "1.43"]
[White "Erdmann, Stefan"]
[Black "Wolff, Peter"]
[Result "1-0"]
[WhiteElo "2194"]
[BlackElo "1906"]
[PlyCount "79"]
[EventDate "2017.??.??"]
[WhiteTeam "SC Bad Soden"]
[BlackTeam "VSG Offenbach"]

1. d4 d5 2. c4 c6 3. Nf3 Nf6 4. Nc3 e6 5. e3 Nbd7 6. Qc2 Bd6 7. Be2 O-O 8. O-O
Re8 9. h3 Qe7 10. Rd1 a5 11. e4 dxe4 12. Nxe4 Nxe4 13. Qxe4 f5 14. Qc2 h6 15.
c5 Bc7 16. Bc4 b5 17. cxb6 Nxb6 18. Ne5 Bb7 19. Bf4 Rad8 20. Ng6 Qf7 21. Bxc7
Qxc7 22. Re1 Nd5 23. Rad1 Qb6 24. a3 Kh7 25. Ne5 Rf8 26. Ba2 Rf6 27. Bb1 Kg8
28. Nc4 Qc7 29. Rd2 c5 30. Ne3 Nf4 31. dxc5 Rxd2 32. Qxd2 Rg6 33. Qd6 Qc8 34.
Qxf4 Qc6 35. f3 e5 36. Qxf5 Rg5 37. Ba2+ Kh8 38. Qf8+ Kh7 39. Bg8+ Kg6 40. Qf7#
1-0

[Event "Sparkassen-Open A"]
[Site "Heusenstamm, Martinsee"]
[Date "2017.11.23"]
[Round "1.44"]
[White "Tjahja, Deryl"]
[Black "Meessen, Max"]
[Result "1/2-1/2"]
[WhiteElo "1904"]
[BlackElo "2193"]
[PlyCount "110"]
[EventDate "2017.??.??"]
[WhiteTeam "SGem Vaihingen-Rohr"]
[BlackTeam "SK Oldenburg"]

1. e4 c5 2. Nf3 d6 3. Bd3 Nf6 4. c3 Bg4 5. Bc2 Nc6 6. O-O Ne5 7. Ba4+ Bd7 8.
Bxd7+ Qxd7 9. d4 Nxf3+ 10. Qxf3 Qg4 11. Re1 Qxf3 12. gxf3 e6 13. Na3 Rc8 14.
dxc5 dxc5 15. Bf4 Nh5 16. Be3 Bd6 17. Nb5 Bb8 18. Rad1 Ke7 19. Rd2 Rhd8 20.
Red1 Rxd2 21. Rxd2 a6 22. Na3 b5 23. Nc2 Bf4 24. Ne1 Bxe3 25. fxe3 Nf6 26. Kf2
Nd7 27. b3 c4 28. b4 Nb6 29. Ke2 Na4 30. Rc2 Rd8 31. Kf2 e5 32. Ke2 Rd6 33. Kf2
Kf6 34. f4 Ke6 35. Kf3 Rd1 36. Ke2 Rd8 37. Kf3 Rd6 38. Kf2 f6 39. Kf3 Rd1 40.
Ke2 Rd7 41. Kf3 f5 42. exf5+ Kxf5 43. e4+ Kf6 44. fxe5+ Kxe5 45. Ke3 Ke6 46.
Kf3 g5 47. Kg4 Ke5 48. Nf3+ Kxe4 49. Re2+ Kd5 50. Rd2+ Ke6 51. Nxg5+ Ke7 52.
Rxd7+ Kxd7 53. Ne4 Ke6 54. Kf4 h6 55. h4 Kd5 1/2-1/2

[Event "Sparkassen-Open A"]
[Site "Heusenstamm, Martinsee"]
[Date "2017.11.23"]
[Round "1.45"]
[White "Wolf, Ulrich Martin"]
[Black "Thomele, Michael"]
[Result "1-0"]
[WhiteElo "2189"]
[BlackElo "1901"]
[PlyCount "67"]
[EventDate "2017.??.??"]
[WhiteTeam "SC Hansa Dortmund"]
[BlackTeam "SC Obernau"]

1. d4 d5 2. Nf3 c6 3. g3 Nf6 4. Bg2 Bf5 5. O-O h6 6. c4 e6 7. Nc3 Be7 8. Qb3
Qb6 9. c5 Qxb3 10. axb3 Nbd7 11. b4 O-O 12. h3 a6 13. g4 Bc2 14. Bf4 g5 15. Bh2
Rfe8 16. Rfc1 Bh7 17. Nd2 Bf8 18. Nb3 e5 19. dxe5 Nxe5 20. Na5 Nfd7 21. Nxd5
cxd5 22. Bxd5 Nf6 23. Bxb7 Rad8 24. Bxe5 Rxe5 25. Nc6 Ree8 26. Nxd8 Rxd8 27. c6
Ne8 28. c7 Nxc7 29. Rxc7 Rd2 30. Rxa6 Bxb4 31. b3 Bg6 32. Bf3 Rb2 33. Kg2 Rxb3
34. Rxg6+ 1-0

[Event "Sparkassen-Open A"]
[Site "Heusenstamm, Martinsee"]
[Date "2017.11.23"]
[Round "1.46"]
[White "Marchese, Gaspare"]
[Black "Sobolevsky, Leonid"]
[Result "0-1"]
[WhiteElo "1899"]
[BlackElo "2185"]
[PlyCount "102"]
[EventDate "2017.??.??"]
[WhiteTeam "SC Matt im Park"]
[BlackTeam "vereinslos"]

1. e4 c5 2. Nc3 Nc6 3. Bb5 Nd4 4. Bc4 d6 5. Nge2 Nf6 6. d3 a6 7. a4 Nxe2 8.
Nxe2 g6 9. O-O Bg7 10. f4 d5 11. exd5 Nxd5 12. Qe1 O-O 13. f5 Bxf5 14. Ng3 Be6
15. Ne4 Nc7 16. Nxc5 Bxc4 17. dxc4 Qd4+ 18. Be3 Qxc4 19. c3 Nd5 20. Nd7 Rfe8
21. Nb6 Nxb6 22. Bxb6 Rac8 23. a5 Rc6 24. Rd1 Re6 25. Qg3 Re2 26. Qf3 Rxb2 27.
Qxb7 Bxc3 28. Qd7 Qb5 29. Bd8 Qxd7 30. Rxd7 Rd2 31. Rd1 Rxd1+ 32. Rxd1 f5 33.
Bb6 e5 34. Rd7 e4 35. Kf1 Re5 36. Ke2 Bxa5 37. Bd4 Rb5 38. Rg7+ Kf8 39. Rxh7
Bb6 40. Bc3 Rb3 41. Be5 a5 42. Rb7 a4 43. g3 Bc5 44. Rc7 Be7 45. Ra7 a3 46. h4
Rb5 47. Bd4 Kf7 48. Ra6 Rd5 49. Ba1 Bd6 50. Bc3 Rd3 51. Rxa3 Bxg3 0-1

[Event "Sparkassen-Open A"]
[Site "Heusenstamm, Martinsee"]
[Date "2017.11.23"]
[Round "1.47"]
[White "Chandler, Patrick"]
[Black "Hinrichs, Paul"]
[Result "1-0"]
[WhiteElo "2185"]
[BlackElo "1844"]
[PlyCount "63"]
[EventDate "2017.??.??"]
[WhiteTeam "SC Nied"]
[BlackTeam "SK Bingen"]

1. d4 d5 2. Nf3 c6 3. Bf4 Nf6 4. e3 e6 5. Nbd2 Be7 6. Bd3 O-O 7. h3 c5 8. c3
Nc6 9. O-O b6 10. Qc2 Bb7 11. Rad1 Rc8 12. Qb1 h6 13. Bh2 Re8 14. e4 dxe4 15.
Nxe4 cxd4 16. Bc2 Nxe4 17. Bxe4 Bf6 18. Nxd4 Bxd4 19. Bxc6 Bxc6 20. Rxd4 Qf6
21. Rf4 Qg5 22. Rg4 Qf6 23. Bg3 Rcd8 24. Bh4 g5 25. f4 Bb5 26. Rf2 Qf5 27. Qe1
Qd5 28. fxg5 h5 29. Rd4 Qc5 30. g6 f6 31. Rxd8 Rxd8 32. Qxe6+ 1-0

[Event "Sparkassen-Open A"]
[Site "Heusenstamm, Martinsee"]
[Date "2017.11.23"]
[Round "1.48"]
[White "Sauer, Bernd"]
[Black "Hebbering, Tom Elliot"]
[Result "0-1"]
[WhiteElo "1862"]
[BlackElo "2184"]
[PlyCount "68"]
[EventDate "2017.??.??"]
[WhiteTeam "SF Essen-Katernberg"]
[BlackTeam "SK Gernsheim"]

1. d4 d5 2. c4 c6 3. e3 Nf6 4. Nc3 e6 5. Nf3 Nbd7 6. Bd3 dxc4 7. Bxc4 b5 8. Bd3
Bb7 9. O-O a6 10. e4 c5 11. Bg5 cxd4 12. Nxd4 Be7 13. Rc1 O-O 14. Re1 h6 15.
Bh4 Ne5 16. Bb1 Bc5 17. Nb3 Qxd1 18. Rcxd1 Bb6 19. Kf1 Nc4 20. Re2 Rac8 21. f3
Ne3+ 22. Rxe3 Bxe3 23. Ke2 Bb6 24. e5 Nd5 25. Ne4 Nf4+ 26. Kf1 Bxe4 27. Bxe4 g5
28. Be1 Rfd8 29. Rxd8+ Rxd8 30. g3 Nd3 31. Bc3 b4 32. Bd2 a5 33. f4 gxf4 34.
gxf4 a4 0-1

[Event "Sparkassen-Open A"]
[Site "Heusenstamm, Martinsee"]
[Date "2017.11.23"]
[Round "1.49"]
[White "Pitzanti, Matteo"]
[Black "Rieger, Mario"]
[Result "1-0"]
[WhiteElo "2182"]
[BlackElo "1897"]
[PlyCount "61"]
[EventDate "2017.??.??"]
[WhiteTeam "Famiglia Leganese ASD"]
[BlackTeam "MS Halver-Schalksmühle"]

1. e4 c6 2. Nf3 d5 3. Nc3 dxe4 4. Nxe4 Nd7 5. Bc4 e6 6. O-O Ngf6 7. Ng3 Bd6 8.
Re1 O-O 9. d4 Qc7 10. Qe2 b6 11. c3 Bb7 12. Ne5 Nd5 13. Bd3 N7f6 14. a3 c5 15.
Bg5 h6 16. Bd2 cxd4 17. cxd4 Rac8 18. Rac1 Qe7 19. Rxc8 Rxc8 20. Bb1 Qd8 21.
Qf3 Qc7 22. Qd3 Qe7 23. Nh5 a5 24. Bxh6 gxh6 25. Qg3+ Kf8 26. Qg7+ Ke8 27. Qh8+
Qf8 28. Nxf6+ Nxf6 29. Qxf6 Bxe5 30. Qxe5 Bd5 31. Qxd5 1-0

[Event "Sparkassen-Open A"]
[Site "Heusenstamm, Martinsee"]
[Date "2017.11.23"]
[Round "1.50"]
[White "Laux, Dominik"]
[Black "Hilzinger, Markus"]
[Result "0-1"]
[WhiteElo "1888"]
[BlackElo "2134"]
[PlyCount "58"]
[EventDate "2017.??.??"]
[WhiteTeam "VSG Offenbach"]
[BlackTeam "SC Pforzheim"]

1. d4 Nf6 2. Bf4 g6 3. Nc3 Bg7 4. e4 d6 5. Nf3 O-O 6. Qd2 c6 7. Bh6 Qa5 8. Bd3
Bg4 9. O-O-O b5 10. Kb1 Re8 11. h3 Bxf3 12. gxf3 Nbd7 13. h4 Nh5 14. Bxg7 Kxg7
15. f4 Rab8 16. Rdg1 e5 17. fxe5 dxe5 18. Be2 b4 19. Nd1 Nf4 20. Ne3 Nf6 21. f3
Red8 22. Rg5 Qc7 23. Bc4 Kh8 24. d5 cxd5 25. Bxd5 N6xd5 26. Nxd5 Nxd5 27. exd5
Rb5 28. h5 Rbxd5 29. Qe2 Rd2 0-1

[Event "Sparkassen-Open A"]
[Site "Heusenstamm, Martinsee"]
[Date "2017.11.23"]
[Round "1.51"]
[White "Zimmermann, Rolf"]
[Black "Reinecke, Katharina"]
[Result "1-0"]
[WhiteElo "2178"]
[BlackElo "1888"]
[PlyCount "81"]
[EventDate "2017.??.??"]
[WhiteTeam "SC Tornado Hochneukirch"]
[BlackTeam "SK Langen"]

1. c4 c6 2. d4 d5 3. e3 Nf6 4. Nc3 Bf5 5. Nf3 e6 6. Be2 h6 7. O-O Be7 8. a3 a6
9. b3 b5 10. Bd2 Nbd7 11. Ne1 O-O 12. cxd5 cxd5 13. Nd3 Qb8 14. f4 Rc8 15. b4
Nb6 16. Nc5 Nc4 17. Ra2 Qb6 18. g4 Bh7 19. Qe1 Qd8 20. Bc1 Ne8 21. Qd1 Qb6 22.
a4 Nf6 23. a5 Qc6 24. h3 Nd7 25. Bd3 Bxd3 26. Qxd3 Nxc5 27. dxc5 Rd8 28. Ne2 e5
29. fxe5 Nxe5 30. Qf5 Bf6 31. Nd4 Qe8 32. Raf2 Nc4 33. Qd3 Rd7 34. Rxf6 gxf6
35. Rxf6 Ne5 36. Qf1 Ng6 37. Nf5 Kh7 38. Bb2 Raa7 39. Bd4 Ra8 40. Nd6 Qg8 41.
Qf5 1-0

[Event "Sparkassen-Open A"]
[Site "Heusenstamm, Martinsee"]
[Date "2017.11.23"]
[Round "1.52"]
[White "Büse, Ralf"]
[Black "Poghosyan, Tigran"]
[Result "0-1"]
[WhiteElo "1881"]
[BlackElo "2175"]
[PlyCount "46"]
[EventDate "2017.??.??"]
[WhiteTeam "SC Ladja Roßdorf"]
[BlackTeam "Lübecker SV"]

1. d4 Nf6 2. Bf4 g6 3. e3 Bg7 4. Nf3 O-O 5. Be2 d6 6. h3 c5 7. c3 Qb6 8. Nbd2
Qxb2 9. Nc4 Qxc3+ 10. Nfd2 cxd4 11. Rc1 Qb4 12. a3 Qb5 13. Nxd6 Qd7 14. Nb5 Nd5
15. Nc7 Nxc7 16. Rxc7 Qd8 17. Rc1 e5 18. Bg3 dxe3 19. fxe3 Qg5 20. Bf2 Qxg2 21.
Bf3 Qg5 22. Ne4 Qe7 23. Nd6 Nc6 0-1

[Event "Sparkassen-Open A"]
[Site "Heusenstamm, Martinsee"]
[Date "2017.11.23"]
[Round "1.53"]
[White "Berghof, Axel"]
[Black "Launert, Martin"]
[Result "1-0"]
[WhiteElo "2173"]
[BlackElo "1879"]
[PlyCount "63"]
[EventDate "2017.??.??"]
[WhiteTeam "SC Suhl"]
[BlackTeam "Sfr. Erbach"]

1. e4 e5 2. Nf3 Nc6 3. Bb5 a6 4. Ba4 Nf6 5. O-O b5 6. Bb3 Be7 7. Bd5 O-O 8. c3
Bb7 9. Re1 d6 10. Bb3 Na5 11. Bc2 c5 12. d3 Nc6 13. Nbd2 Re8 14. Nf1 Bf8 15.
Bg5 h6 16. Bh4 g5 17. Bg3 Ne7 18. Ne3 Bg7 19. h4 g4 20. Nh2 h5 21. f3 gxf3 22.
Qxf3 d5 23. exd5 Bxd5 24. Nxd5 Nfxd5 25. Qxh5 Ng6 26. Bb3 c4 27. dxc4 Ndf4 28.
Qg4 bxc4 29. Bxc4 Qb6+ 30. Bf2 Qxb2 31. h5 Qxc3 32. Rac1 1-0

[Event "Sparkassen-Open A"]
[Site "Heusenstamm, Martinsee"]
[Date "2017.11.23"]
[Round "1.54"]
[White "Thomas, Tobias"]
[Black "Gülsen, Taylan"]
[Result "1/2-1/2"]
[WhiteElo "1879"]
[BlackElo "2171"]
[PlyCount "183"]
[EventDate "2017.??.??"]
[WhiteTeam "SK Langen"]
[BlackTeam "SG Niederkassel"]

1. d4 Nf6 2. Nf3 b6 3. e3 Bb7 4. Bd3 d5 5. O-O e6 6. b3 Bd6 7. Bb2 Nbd7 8. Nbd2
O-O 9. Ne5 Ne4 10. Ndf3 f6 11. Nxd7 Qxd7 12. c4 Qf7 13. Nd2 Nxd2 14. Qxd2 Qh5
15. f4 e5 16. Rac1 e4 17. Be2 Qe8 18. c5 Be7 19. b4 b5 20. Qc2 c6 21. Bc3 a6
22. Ra1 f5 23. a4 Qd7 24. axb5 axb5 25. Rxa8 Rxa8 26. Ra1 Rxa1+ 27. Bxa1 g5 28.
g3 Bc8 29. Qa2 Kg7 30. Bc3 h6 31. Be1 Bd8 32. Bf2 Qb7 33. Kg2 Be6 34. Be1 Bf7
35. Bf2 Be8 36. Qa1 Kf8 37. Kh1 Ke7 38. Qa2 Kd7 39. Qa3 Kc8 40. Qa2 Kb8 41. Qa1
Qc8 42. Qa2 Bf7 43. Qa1 Kb7 44. Qa2 Qe6 45. Qd2 Qe8 46. Qd1 Bf6 47. Qa1 Bd8 48.
Qd1 Bc7 49. Kg1 Qa8 50. Be1 Qa3 51. Qd2 Bd8 52. Qc3 Qa2 53. Qd2 Qa1 54. Qc3 Qb1
55. Kg2 Bf6 56. h3 Be7 57. Kh2 Qa2 58. Qd2 Qa3 59. Qc3 Qa4 60. Kg2 Qa8 61. Qd2
Bd8 62. Kh2 Bc7 63. Kg2 Qg8 64. Kh2 h5 65. Bf2 h4 66. gxh4 gxf4 67. exf4 Qh8
68. Qe3 Bh5 69. Bg3 Bxe2 70. Qxe2 Qxd4 71. Qe1 e3 72. h5 Bxf4 73. Bxf4 Qxf4+
74. Qg3 Qh6 75. Kg2 e2 76. Kf2 Qxh5 77. Qg7+ Kc8 78. Qf8+ Kb7 79. Qe7+ Ka6 80.
Qd7 e1=Q+ 81. Kxe1 Qh4+ 82. Ke2 Qe4+ 83. Kd1 Qb1+ 84. Ke2 Qc2+ 85. Kf3 Qc3+ 86.
Kg2 Qd2+ 87. Kh1 Qe1+ 88. Kh2 Qf2+ 89. Kh1 Qf1+ 90. Kh2 Qf4+ 91. Kh1 Qe4+ 92.
Kh2 1/2-1/2

[Event "Sparkassen-Open A"]
[Site "Heusenstamm, Martinsee"]
[Date "2017.11.23"]
[Round "1.55"]
[White "Liard, Thibaud"]
[Black "Bittner, Peter"]
[Result "1-0"]
[WhiteElo "2169"]
[BlackElo "1877"]
[PlyCount "77"]
[EventDate "2017.??.??"]
[WhiteTeam "SG Porz"]
[BlackTeam "SC Nied"]

1. d4 Nf6 2. c4 e6 3. Nc3 Bb4 4. Qc2 c5 5. dxc5 Bxc5 6. Nf3 Nc6 7. a3 b6 8. b4
Be7 9. e4 d6 10. Be2 Bb7 11. O-O O-O 12. Rd1 Qb8 13. Bf4 Nh5 14. Be3 Nf6 15. h3
Rd8 16. Rab1 Rd7 17. c5 dxc5 18. bxc5 Ne5 19. Bd4 Nxf3+ 20. Bxf3 e5 21. Be3
Bxc5 22. Bxc5 bxc5 23. Rxd7 Nxd7 24. Nd5 Nb6 25. Qxc5 Bxd5 26. exd5 Qe8 27. Bg4
Rd8 28. d6 g6 29. Rd1 h5 30. Be2 Kg7 31. Bb5 Qe6 32. d7 f6 33. Qc7 Qg8 34. a4
h4 35. Qxa7 Qb3 36. Rf1 Na8 37. Qa5 Qg8 38. Bc6 Qf8 39. Rd1 1-0